Advanced research in commerce and management / (Record no. 104941)

MARC details
000 -LEADER
fixed length control field 00631nam a22002057a 4500
005 - DATE AND TIME OF LATEST TRANSACTION
control field 20161205113321.0
010 ## - LCCN (DPL NO)
LC control number ENG-116720
020 ## - INTERNATIONAL STANDARD BOOK NUMBER
International Standard Book Number 978184845884
Terms of availability 850.00
035 ## - SYSTEM CONTROL NUMBER
System control number EN-100252
037 ## - SOURCE OF ACQUISITION
Source of stock number/acquisition DBAD/PUB
082 ## - DEWEY DECIMAL CLASSIFICATION NUMBER
Classification number 382.0954
245 ## - TITLE STATEMENT
Title Advanced research in commerce and management /
Statement of responsibility, etc edited by Eliza Sharma [and] Jyoti Sindhu
260 ## - PUBLICATION, DISTRIBUTION, ETC. (IMPRINT)
Place of publication, distribution, etc New Delhi
Name of publisher, distributor, etc Regal Publications
Date of publication, distribution, etc 2016
270 ## - ADDRESS
Address F-159 Rajouri Garden
City New Delhi
Postal code 110027
300 ## - PHYSICAL DESCRIPTION
Extent vi,161p. :
Other physical details ill
Dimensions 22cm(Hb)
500 ## - GENERAL NOTE
General note Includes index
700 ## - ADDED ENTRY--PERSONAL NAME
Personal name Eliza Sharma
700 ## - ADDED ENTRY--PERSONAL NAME
Personal name Jyoti Sindhu
942 ## - ADDED ENTRY ELEMENTS (KOHA)
Source of classification or shelving scheme Dewey Decimal Classification
Item type English Books
Classification part 382.0954
Call number suffix ADV
Holdings
Withdrawn status Lost status Not for loan Collection code Home library Current library Date acquired Source of acquisition Cost, normal purchase price Full call number Barcode Copy number Cost, replacement price Koha item type
    Not For Loan Non-fiction D.B.Act.Division Bawana 30/11/2016 DBAD/PUB 850.00 382.0954 SHA EN-100252 1 850.00 English Books

© Delhi Public Library
Hit Counter
free hit counter